000 00647nam a2200181Ia 4500
008 090124s9999 xx 000 0 und d
082 _b24745
_a6734
100 _aभावे पु. भा. (पुरुषोत्तम भास्कर)
245 _a रेशीम धागे
250 _a1
260 _c1985
300 _a149
600 _aभावे पु. भा. (पुरुषोत्तम भास्कर)
630 _a रेशीम धागे
700 _aभावे पु. भा. (पुरुषोत्तम भास्कर)
730 _a रेशीम धागे
942 _cBOOK
999 _c138292
_d138292